El Acuerdo de Asociación Unión Europea y Centro Amèrica (AdA UE-CA) /
La Coalición Hondureña de Acción Ciudadana hace un acercamiento a la temática del Acuerdo de Asociación entre la Unión Europea y Centreo América AdA UE-CA. Realiza un recorrido sobre diversos temas, a saber: los antecedentes, el significado de este Acuerdo de Asociación, la Zona de Libre comercio, l...
Сохранить в:
| Главный автор: | |
|---|---|
| Корпоративные авторы: | , |
| Формат: | Текст |
| Опубликовано: |
Rukemik Na'ojil
|
| Предметы: | |
| Метки: |
Добавить метку
Нет меток, Требуется 1-ая метка записи!
|
MARC
| LEADER | 00000 a a2200000 04500 | ||
|---|---|---|---|
| 001 | 38971 | ||
| 003 | |||
| 040 | |||
| 090 | |a 0001 G245a | ||
| 100 | |a Garza, Jesús | ||
| 110 | |a Coalición Hondureña de Acción Ciudadana | ||
| 245 | |a El Acuerdo de Asociación Unión Europea y Centro Amèrica (AdA UE-CA) / |c Coalición Hondureña de Acción Ciudadana | ||
| 260 | |a Rukemik Na'ojil | ||
| 300 | |a 27 p. | ||
| 520 | |a La Coalición Hondureña de Acción Ciudadana hace un acercamiento a la temática del Acuerdo de Asociación entre la Unión Europea y Centreo América AdA UE-CA. Realiza un recorrido sobre diversos temas, a saber: los antecedentes, el significado de este Acuerdo de Asociación, la Zona de Libre comercio, los derechos de propiedad intelectual, la facilitación del comercio, las medidas fitosanitarias, los servicios públicos, comercio y políticas de competencia, comercio y desarrollo sostenible, solución de controversias y al final concluye con unas consideraciones | ||
| 650 | |a ACUERDOS INTERNACIONALES | ||
| 650 | |a ANALISIS ECONOMICO | ||
| 650 | |a AMERICA LATINA | ||
| 710 | |a CHAAC | ||
| 999 | |c 10817 |d 10817 | ||
